000 00497nam a2200181Ia 4500
003 GCL
008 140319s9999 xx 000 0 ara d
040 _aGCL /
_cGCL
082 0 4 _a811.02
_bح ف
100 1 _aحنا الفاخورى
245 1 0 _aالفخر والحماسة /
_cحنا الفاخورى
260 _a[S.N] :
_bدار المعارف ،
_c1992
300 _a94 ص
490 _a
650 0 4 _aالشعر العربى
650 0 4 _aالشعر الحماسى
942 _2ddc
_cBK
999 _c34114
_d34114